00623nam a22002057a 450000500170000001000130001702000230003003500130005303700160006604000120008208200130009410000240010724501130013126000380024427000470028230000210032950000190035065000310036965000170040020170124105911.0 aA-997984 c500.00a8171771009 aA-997984 bCen Lib/Ret aDPLbEN a323bIYE aIyer, V. R. Krishna aThe dialectics and dynamic of human rights in India :cby V. R. Krishna Iyerbyesterday, today and tomorrow aCalcuttabEAstern Law Housec1999 a54 Ganesh Chunder AvenuebCalcuttae700013 a394p. c23cm(Hb) aIncludes index aCivil And Political Rights aHuman Rights